| 000 | 01242cam a22002891i 4500 | ||
|---|---|---|---|
| 003 | SA-RiAUC | ||
| 005 | 20250105145257.0 | ||
| 008 | 250104s2006 su g b 00010 ara c | ||
| 020 | _a9960321584 | ||
| 040 |
_aSA-JeALM _bara _cSA-RiAUC _erda |
||
| 050 | 4 | _b.S52 | |
| 082 | 0 | 4 | _a253 |
| 090 |
_a253 _b ش ا ذ |
||
| 100 | 1 |
_aالشاذلي، حسن بن علي _eمؤلف. |
|
| 245 | 1 | 2 |
_aالخروج من خلاف الفقهاء في المعاملات / _cحسن بن علي الشاذلي. |
| 264 | 1 |
_aجدة، السعودية : _bالبنك الإسلامي - المعهد الاسلامي للبحوث والتدريب، _c2006 |
|
| 300 |
_a147 صفحة ؛ _c24 سم. |
||
| 336 |
_aنص _btxt _2rdacontent _3كتاب |
||
| 337 |
_aبدون وسيط _bn _2rdamedia |
||
| 338 |
_aمجلد _bnc _2rdacarrier |
||
| 440 | 0 |
_aسلسلة محاضرات العلماء البارزين _v25 |
|
| 500 | _aملاحظة على اهمية الكتاب وموضوعه من الشيخ رحمه الله على صفحة العنوان | ||
| 504 | _aببليوجرافية : صفحة 134-147. | ||
| 650 | 7 |
_aالمعاملات (فقه إسلامي) _2aucsh |
|
| 942 |
_2ddc _cBOOK _n0 |
||
| 949 |
_aSA-JeALM _d250104 _uosman123 _n1 |
||
| 999 |
_c4491 _d4491 |
||